[Event "Troisdorf op "]
[Site "Troisdorf"]
[Date "2010.11.16"]
[Round "4"]
[White "Moews, Thomas"]
[Black "Akstinat, Sven Holger"]
[Result "0-1"]
[WhiteElo "1743"]
[BlackElo "1995"]
[PlyCount "119"]
[EventDate "2010.10.26"]
[EventType "swiss"]
[EventRounds "7"]
[EventCountry "GER"]
[SourceTitle "EXT 2013"]
[Source "ChessBase"]
[SourceDate "2012.11.22"]
[SourceVersion "1"]
[SourceVersionDate "2012.11.22"]
[SourceQuality "1"]

1. e4 e5 2. Nf3 Nc6 3. d4 exd4 4. Nxd4 Bc5 5. Nb3 Bb6 6. Nc3 Nf6 7. Bd3 h6 8. 0-0 0-0 9. Nd5 Re8 10. Nxb6 axb6 11. Re1 d6 12. Bd2 Bg4 13. f3 Bh5 14. Bc3 Nd7 15. Nd4 Nxd4 16. Bxd4 Qg5 17. a3 Ne5 18. Bxe5 Rxe5 19. Rf1 Rea5 20. Rb1 Qe3+ 21. Kh1 Rd8 22. Qe1 Qf4 23. Qc1 g5 24. g4 Qxc1 25. Rbxc1 Bg6 26. Bc4 Kg7 27. Kg2 Rh8 28. Rfd1 h5 29. h3 Raa8 30. Bd5 Rab8 31. Bb3 f6 32. Rd4 Be8 33. Re1 Rh6 34. Bd5 Kf8 35. Kf2 hxg4 36. hxg4 Rh2+ 37. Ke3 Rxc2 38. f4 gxf4+ 39. Kxf4 Rf2+ 40. Kg3 Rxb2 41. g5 fxg5 42. Kg4 Rg2+ 43. Kf5 Kg7 44. e5 Bg6+ 45. Ke6 dxe5 46. Rxe5 Re8+ 47. Kd7 Rxe5 48. Bxg2 c6 49. Kd8 Re8+ 50. Kc7 Re7+ 51. Kd8 Rf7 52. a4 Bc2 53. Bh3 Bf5 54. Bf1 Be6 55. Be2 Bd5 56. Rb4 Kf6 57. Rxb6 Be6 58. Rb4 Rd7+ 59. Ke8 Rd2 60. Re4 0-1

[Event "Troisdorf op "]
[Site "Troisdorf"]
[Date "2010.11.09"]
[Round "3"]
[White "Moews, Thomas"]
[Black "Memmesheimer, Thomas"]
[Result "1-0"]
[WhiteElo "1743"]
[BlackElo "1583"]
[PlyCount "115"]
[EventDate "2010.10.26"]
[EventType "swiss"]
[EventRounds "7"]
[EventCountry "GER"]
[SourceTitle "EXT 2013"]
[Source "ChessBase"]
[SourceDate "2012.11.22"]
[SourceVersion "1"]
[SourceVersionDate "2012.11.22"]
[SourceQuality "1"]

1. e4 c6 2. d4 d5 3. f3 e6 4. Nc3 Bd6 5. Be3 Ne7 6. Bd3 Nd7 7. Nge2 b5 8. e5 Bc7 9. b4 a5 10. a3 a4 11. 0-0 0-0 12. Ng3 f6 13. exf6 Nxf6 14. f4 Nf5 15. Qd2 Ng4 16. Nxf5 exf5 17. Rae1 Nf6 18. Qd1 Ne4 19. Nb1 Qh4 20. Rf3 Qe7 21. Bc1 Be6 22. Rh3 Rf6 23. Nd2 Bxf4 24. Nxe4 fxe4 25. Bxf4 Rxf4 26. Rhe3 Bg4 27. Be2 Bxe2 28. Qxe2 Raf8 29. Rc3 Qf6 30. Qd1 Rf2 31. Rg3 Qf4 32. Rge3 Qg5 33. Rg3 Qd2 34. Qxd2 Rxd2 35. Rc3 Rxd4 36. Rxc6 Re8 37. Rc5 e3 38. Rxb5 e2 39. Rb6 Rd1 40. Kf2 Rf8+ 41. Kxe2 Rd4 42. Re6 Rc8 43. Rc1 Rc3 44. b5 Rxa3 45. Rb1 Rc3 46. b6 Rc8 47. b7 Rb8 48. Ra6 Re4+ 49. Kd3 Ree8 50. Rxa4 Kf7 51. Ra6 Re7 52. Rab6 Ke8 53. Kd4 Rd7 54. R1b5 Kd8 55. Rxd5 Rxd5+ 56. Kxd5 Kc7 57. Rb3 Rxb7 58. Rxb7+ 1-0

[Event "Troisdorf op"]
[Site "Troisdorf"]
[Date "2009.11.17"]
[Round "4"]
[White "Moews, Thomas"]
[Black "Stuch, Hans Ferdinand"]
[Result "1-0"]
[WhiteElo "1715"]
[BlackElo "1544"]
[PlyCount "83"]
[EventDate "2009.10.27"]
[EventType "swiss"]
[EventRounds "7"]
[EventCountry "GER"]
[SourceTitle "EXT 2011"]
[Source "ChessBase"]
[SourceDate "2010.11.26"]
[SourceVersion "1"]
[SourceVersionDate "2010.11.26"]
[SourceQuality "1"]

1. e4 e6 2. d4 d5 3. Nd2 c5 4. Ngf3 Nf6 5. Bb5+ Bd7 6. Qe2 dxe4 7. Nxe4 Qa5+ 8. Nc3 a6 9. Bxd7+ Nbxd7 10. 0-0 cxd4 11. Nxd4 Be7 12. Ne4 Qd5 13. Nxf6+ Bxf6 14. Be3 Rd8 15. c3 0-0 16. Nb3 Be7 17. Rad1 Qf5 18. Rd4 Nc5 19. Rf4 Qd3 20. Qf3 Nxb3 21. axb3 Bg5 22. Rd4 Rxd4 23. cxd4 Bxe3 24. Qxe3 Qxe3 25. fxe3 Rc8 26. Kf2 Kf8 27. Kf3 Ke7 28. Rf2 Rc6 29. Ke4 Rb6 30. Rc2 Rxb3 31. g4 Rb5 32. h4 h6 33. Kd3 Kd7 34. Kc4 Rb6 35. Rf2 Ke7 36. e4 Rb5 37. d5 exd5+ 38. exd5 Rb6 39. Kc5 Rd6 40. Rxf7+ Kxf7 41. Kxd6 Ke8 42. Kc7 1-0

[Event "Troisdorf op"]
[Site "Troisdorf"]
[Date "2004.11.02"]
[Round "1"]
[White "Kolkin, Michail"]
[Black "Moews, Thomas"]
[Result "1-0"]
[WhiteElo "2145"]
[BlackElo "1732"]
[PlyCount "85"]
[EventDate "2004.11.02"]
[EventType "swiss"]
[EventRounds "7"]
[EventCountry "GER"]
[SourceTitle "EXT 2006"]
[Source "ChessBase"]
[SourceDate "2005.11.24"]
[SourceVersion "1"]
[SourceVersionDate "2005.11.24"]
[SourceQuality "1"]

1. e4 e6 2. Nf3 d5 3. e5 c5 4. b4 cxb4 5. d4 Nc6 6. Bd3 Nge7 7. a3 Qb6 8. 0-0 Bd7 9. axb4 Nxb4 10. Be2 Rc8 11. c3 Nbc6 12. Ba3 Ng6 13. Bxf8 Rxf8 14. Na3 a6 15. c4 Nf4 16. Re1 Nxe2+ 17. Rxe2 Ne7 18. c5 Qd8 19. Rb2 Bc6 20. Rb6 Nf5 21. Rab1 g5 22. Qd3 g4 23. Nd2 f6 24. Re1 fxe5 25. Rxe5 Qf6 26. Rb1 Kd7 27. Nb3 Nh4 28. Qe3 Nf5 29. Qd2 h5 30. Na5 Rc7 31. Rbe1 Ng7 32. Nc2 Qf4 33. Qxf4 Rxf4 34. Rg5 Rf7 35. Ne3 Rc8 36. Rb1 Bb5 37. Nxb7 Rb8 38. Nd6 Re7 39. h3 gxh3 40. gxh3 Kc6 41. Nc2 e5 42. Nb4+ Kd7 43. Nxa6 1-0

[Event "Troisdorf op"]
[Site "Troisdorf"]
[Date "2003.11.04"]
[Round "2"]
[White "Moews, Thomas"]
[Black "Froehling, Ewald"]
[Result "1/2-1/2"]
[WhiteElo "1767"]
[BlackElo "1464"]
[PlyCount "140"]
[EventDate "2003.10.14"]
[EventType "swiss"]
[EventRounds "7"]
[EventCountry "GER"]
[SourceTitle "EXT 2005"]
[Source "ChessBase"]
[SourceDate "2004.11.15"]
[SourceVersion "1"]
[SourceVersionDate "2004.11.15"]
[SourceQuality "1"]

1. e4 c5 2. b3 d6 3. Nf3 Nc6 4. Bb2 Qc7 5. Nc3 Nf6 6. Bc4 a6 7. a4 Bg4 8. Nd5 Nxd5 9. Bxd5 e6 10. Bxc6+ Qxc6 11. d3 Qc7 12. h3 Bh5 13. g4 Bg6 14. Nd2 Qc6 15. Rf1 0-0-0 16. Qf3 d5 17. 0-0-0 d4 18. Qe2 e5 19. f4 f6 20. fxe5 fxe5 21. h4 b5 22. h5 Be8 23. axb5 Qxb5 24. Nc4 a5 25. Nxe5 Qb7 26. Qd2 Qc7 27. Nc4 a4 28. Qa5 Qxa5 29. Nxa5 Kc7 30. bxa4 Ra8 31. Nb3 Rxa4 32. Rf5 Kc6 33. Rdf1 Bd6 34. e5 Be7 35. Nd2 Rg8 36. Ne4 g6 37. hxg6 Bxg6 38. Nf6 Rb8 39. Nxh7 Bxf5 40. gxf5 Rh8 41. Rh1 Ra7 42. f6 Bd8 43. f7 Rxf7 44. Rh6+ Kd5 45. Nf6+ Bxf6 46. Rxf6 Rg7 47. Rf1 Rg5 48. c3 Rxe5 49. cxd4 cxd4 50. Rf4 Rh1+ 51. Kc2 Re2+ 52. Kb3 Rb1 53. Rxd4+ Kc5 54. Rc4+ Kd6 55. Rc2 Re5 56. Ka2 Rxb2+ 57. Kxb2 Rc5 58. Rg2 Kd5 59. Rg4 Rc6 60. Kb3 Rc7 61. Kb4 Rc8 62. Rc4 Rxc4+ 63. dxc4+ Kc6 64. c5 Kc7 65. Kb5 Kb7 66. Kc4 Kc6 67. Kd4 Kc7 68. Kd5 Kd7 69. c6+ Kc7 70. Kc5 Kc8 1/2-1/2

[Event "Saarlouis op 6th"]
[Site "Saarlouis"]
[Date "2003.05.31"]
[Round "6"]
[White "Hoefer, Ulrich"]
[Black "Moews, Thomas"]
[Result "1/2-1/2"]
[WhiteElo "1869"]
[BlackElo "1722"]
[PlyCount "50"]
[EventDate "2003.05.??"]
[EventType "swiss"]
[EventRounds "7"]
[EventCountry "GER"]
[SourceTitle "EXT 2006"]
[Source "ChessBase"]
[SourceDate "2005.11.24"]
[SourceVersion "1"]
[SourceVersionDate "2005.11.24"]
[SourceQuality "1"]

1. e4 c5 2. b3 d6 3. Nf3 Nf6 4. Nc3 Nc6 5. Bb2 a6 6. a4 Bg4 7. Be2 e6 8. 0-0 Be7 9. d3 0-0 10. Nd2 Bxe2 11. Nxe2 Nd7 12. Ng3 Bf6 13. Bxf6 Nxf6 14. f4 Nd4 15. Nf3 Qc7 16. Ne2 e5 17. fxe5 dxe5 18. Qd2 b5 19. Nh4 Ng4 20. h3 Nh6 21. Nxd4 cxd4 22. Rf6 Rfd8 23. Raf1 Rd6 24. Rxd6 Qxd6 25. axb5 axb5 1/2-1/2

[Event "Saarlouis op 5th"]
[Site "Saarlouis"]
[Date "2002.06.01"]
[Round "8"]
[White "Moews, Thomas"]
[Black "Sadjadi, Said"]
[Result "1/2-1/2"]
[WhiteElo "1787"]
[BlackElo "1720"]
[PlyCount "109"]
[EventDate "2002.05.??"]
[EventType "swiss"]
[EventRounds "9"]
[EventCountry "GER"]
[SourceTitle "EXT 2006"]
[Source "ChessBase"]
[SourceDate "2005.11.24"]
[SourceVersion "1"]
[SourceVersionDate "2005.11.24"]
[SourceQuality "1"]

1. d4 Nf6 2. c4 g6 3. Nc3 Bg7 4. e4 d6 5. f3 0-0 6. Be3 Nbd7 7. Bd3 c5 8. d5 a6 9. Nge2 Ne5 10. 0-0 Bd7 11. Rb1 b5 12. cxb5 c4 13. Bc2 axb5 14. a3 Qb8 15. Na2 e6 16. Nb4 Rc8 17. Nc3 h5 18. h3 exd5 19. Ncxd5 Nxd5 20. Nxd5 Re8 21. Qd2 c3 22. Nxc3 Nc4 23. Qd3 Nxe3 24. Qxe3 Bc6 25. Kh1 Qc7 26. Bb3 Qe7 27. Qb6 Bd7 28. Nd5 Qe5 29. Qe3 Rac8 30. Rfe1 g5 31. f4 gxf4 32. Qxf4 Kh7 33. Qxe5 Bxe5 34. Nb6 Rc7 35. Bxf7 Rf8 36. Bxh5 Rf2 37. Re2 Rxe2 38. Bxe2 Be8 39. Bf3 Rc2 40. b3 Kh6 41. a4 bxa4 42. bxa4 Ra2 43. Nc4 Bg3 44. a5 Bb5 45. Ne3 Bd7 46. Bg4 Bxg4 47. Nxg4+ Kg5 48. Ne3 Rxa5 49. Nf5 Be5 50. Ne7 Ra4 51. Re1 Bg3 52. Rf1 Rxe4 53. Rf5+ Kh6 54. Rf6+ Kh5 55. Rf5+ 1/2-1/2

[Event "Saarlouis op 5th"]
[Site "Saarlouis"]
[Date "2002.05.28"]
[Round "5"]
[White "Moews, Thomas"]
[Black "Hack, Thomas1111"]
[Result "1/2-1/2"]
[WhiteElo "1787"]
[BlackElo "2125"]
[PlyCount "103"]
[EventDate "2002.05.??"]
[EventType "swiss"]
[EventRounds "9"]
[EventCountry "GER"]
[SourceTitle "EXT 2006"]
[Source "ChessBase"]
[SourceDate "2005.11.24"]
[SourceVersion "1"]
[SourceVersionDate "2005.11.24"]
[SourceQuality "1"]

1. e4 e6 2. d4 d5 3. exd5 exd5 4. Bd3 Nc6 5. c3 Bd6 6. Nf3 Nge7 7. Bg5 Bg4 8. Nbd2 Qd7 9. Qc2 h6 10. Bh4 0-0-0 11. 0-0-0 Rde8 12. Rde1 Nf5 13. h3 Rxe1+ 14. Rxe1 Nxh4 15. hxg4 Qd8 16. Nxh4 Qxh4 17. g3 Qd8 18. Bf5+ Kb8 19. Bd3 Re8 20. Qd1 a6 21. Re2 Ka7 22. Qe1 Re7 23. Qh1 Qe8 24. Kd1 Rxe2 25. Bxe2 Ne7 26. Kc1 c6 27. Qf3 Ng8 28. c4 dxc4 29. Nxc4 Bc7 30. Bd1 Nf6 31. Ne3 Bb6 32. Nf5 g6 33. Nxh6 Bxd4 34. Qf4 c5 35. g5 Qb5 36. Qd2 Ne4 37. Qe2 Nxf2 38. Qxb5 axb5 39. Be2 Kb6 40. Nxf7 Ne4 41. g4 c4 42. Bf3 Nc5 43. Kc2 Kc7 44. Nh6 Kd6 45. Ng8 Ke6 46. b4 Nd3 47. Bxb7 Nxb4+ 48. Kb1 Kf7 49. a3 Kxg8 50. axb4 Bc3 51. Bc6 Bxb4 52. Bxb5 1/2-1/2